Účtovníctvo a postupy účtovania pre rozpočtové, príspevkové organizácie, štátne fondy, vyššie územné celky a obce v podmienkach transformácie verejnej správy
Enregistré dans:
| Auteur principal: | |
|---|---|
| Format: | Livre |
| Langue: | slovaque |
| Publié: |
Bratislava
SÚVAHA
2003
|
| Sujets: | |
| Tags: |
Pas de tags, Soyez le premier à ajouter un tag!
|
MARC
| LEADER | 00000nam$a2200000$$$4500 | ||
|---|---|---|---|
| 001 | 0002412 | ||
| 005 | 20240318115401.8 | ||
| 020 | |a 80-88727-66-9 | ||
| 041 | 0 | |a slo | |
| 044 | |a SK | ||
| 245 | 1 | 0 | |a Účtovníctvo a postupy účtovania |b pre rozpočtové, príspevkové organizácie, štátne fondy, vyššie územné celky a obce v podmienkach transformácie verejnej správy |c Štefan Fabian |
| 264 | 1 | |a Bratislava |b SÚVAHA |c 2003 | |
| 300 | |a 333 s. | ||
| 610 | 2 | 0 | |a účtovníctvo |
| 610 | 2 | 0 | |a účtovanie |
| 610 | 2 | 0 | |a postupy účtovné |
| 610 | 2 | 0 | |a organizácie rozpočtové |
| 610 | 2 | 0 | |a organizácie príspevkové |
| 610 | 2 | 0 | |a obce |
| 610 | 2 | 0 | |a kraje |
| 610 | 2 | 0 | |a hospodárenie finančné |
| 610 | 2 | 0 | |a osnova účtová |
| 610 | 2 | 0 | |a majetok |
| 610 | 2 | 0 | |a zásoby |
| 610 | 2 | 0 | |a účty finančné |
| 610 | 2 | 0 | |a účtovanie nákladov |
| 610 | 2 | 0 | |a zákony |
| 610 | 2 | 0 | |a fondy štátne |
| 100 | 1 | |a Fabian, Štefan | |